[Event "4th Karpov Trophy Prelim"]
[Site "Cap d'Agde FRA"]
[Date "2015.10.23"]
[Round "1.1"]
[White "Muzychuk, Mariya"]
[Black "Fressinet, Laurent"]
[Result "0-1"]
[WhiteTitle "GM"]
[BlackTitle "GM"]
[WhiteElo "2528"]
[BlackElo "2702"]
[WhiteFideId "14114550"]
[BlackFideId "608742"]
[EventDate "2015.10.23"]

1. e4 e5 2. Nf3 Nc6 3. d4 exd4 4. Nxd4 Qf6 5. Nb5 Bc5 6. Qe2 Bb6 7. N1c3 Nge7 8.
Be3 Ba5 9. O-O-O a6 10. Nd5 Nxd5 11. exd5 axb5 12. Bd4+ Qe7 13. dxc6 bxc6 14.
Bxg7 Rg8 15. Be5 d5 16. Bg3 Qxe2 17. Bxe2 Bf5 18. Bd3 Bg6 19. c3 Kd7 20. Kc2 Bb6
21. a3 Rae8 22. Rhe1 Bxd3+ 23. Kxd3 c5 24. f3 c4+ 25. Kc2 c6 26. Re4 Re6 27. a4
bxa4 28. Rxc4 Re2+ 29. Kb1 Bf2 30. Re4 Rxe4 31. fxe4 Bxg3 32. hxg3 Rxg3 33. exd5
Rxg2 34. dxc6+ Kxc6 35. Rh1 f5 36. Rxh7 Kd5 37. Ra7 f4 38. Rxa4 f3 39. Rf4 f2
40. Ka2 Ke5 41. Rf8 Ke4 42. Kb3 Ke3 43. c4 Rg3 44. Rxf2 Kxf2+ 45. Kb4 Ke3 46.
Kb5 Kd4 47. b4 Rg8 48. c5 Ke5 0-1

[Event "4th Karpov Trophy Prelim"]
[Site "Cap d'Agde FRA"]
[Date "2015.10.23"]
[Round "1.2"]
[White "Sebag, Marie"]
[Black "Gharamian, Tigran"]
[Result "1-0"]
[WhiteTitle "GM"]
[BlackTitle "GM"]
[WhiteElo "2496"]
[BlackElo "2654"]
[WhiteFideId "617822"]
[BlackFideId "13301527"]
[EventDate "2015.10.23"]

1. e4 g6 2. d4 Bg7 3. Nc3 a6 4. Be3 d6 5. h3 b5 6. Bd3 Nd7 7. Nf3 c5 8. a4 b4 9.
Ne2 cxd4 10. Nfxd4 Bb7 11. O-O Ngf6 12. Ng3 O-O 13. Nb3 Ne5 14. f4 Nxd3 15. cxd3
a5 16. f5 Nd7 17. Qd2 d5 18. Bh6 dxe4 19. Bxg7 Kxg7 20. dxe4 Qb6+ 21. Kh2 Rad8
22. fxg6 fxg6 23. Qg5 Qd6 24. Nxa5 Ba6 25. Rad1 Qe5 26. Rf5 Qe6 27. Nc6 Rde8 28.
Nd4 Qa2 29. b3 Kh8 30. Rxf8+ Rxf8 31. Ne6 Qxb3 32. Nxf8 Qxd1 33. Qxe7 Bc8 1-0

[Event "4th Karpov Trophy Prelim"]
[Site "Cap d'Agde FRA"]
[Date "2015.10.23"]
[Round "1.3"]
[White "Karpov, Anatoly"]
[Black "Edouard, Romain"]
[Result "1/2-1/2"]
[WhiteTitle "GM"]
[BlackTitle "GM"]
[WhiteElo "2628"]
[BlackElo "2636"]
[WhiteFideId "4100026"]
[BlackFideId "633429"]
[EventDate "2015.10.23"]

1. Nf3 Nf6 2. c4 b6 3. g3 Bb7 4. Bg2 g6 5. d4 Bg7 6. O-O O-O 7. Nc3 Ne4 8. Nxe4
Bxe4 9. Be3 c5 10. Qd2 d6 11. Bh6 Nc6 12. Bxg7 Kxg7 13. d5 Bxf3 14. Bxf3 Ne5 15.
Bg2 Kg8 16. b3 b5 17. f4 Nd7 18. e4 Rb8 19. Rac1 bxc4 20. bxc4 Rb4 21. Bh3 Qc7
22. e5 Nb6 23. Qe2 Na4 24. Rc2 Qb8 25. Bd7 Nb6 26. Bc6 Qc8 27. f5 dxe5 28. Qxe5
Qd8 29. fxg6 hxg6 30. Re2 Rxc4 31. Qxe7 Nxd5 32. Qxd8 Rxd8 33. Bxd5 Rxd5 34.
Re8+ Kg7 35. Re7 Rf5 36. Rxf5 gxf5 37. Rxa7 Rc2 38. a4 Kg6 39. a5 Ra2 40. a6 c4 1/2-1/2

[Event "4th Karpov Trophy Prelim"]
[Site "Cap d'Agde FRA"]
[Date "2015.10.23"]
[Round "1.4"]
[White "Abdumalik, Zhansaya"]
[Black "Muzychuk, Anna"]
[Result "1-0"]
[WhiteTitle "WGM"]
[BlackTitle "GM"]
[WhiteElo "2390"]
[BlackElo "2549"]
[WhiteFideId "13703544"]
[BlackFideId "14111330"]
[EventDate "2015.10.23"]

1. e4 e5 2. Nf3 Nc6 3. Bb5 a6 4. Ba4 Nf6 5. O-O Be7 6. Re1 b5 7. Bb3 d6 8. c3
O-O 9. h3 Nd7 10. d4 Bb7 11. Nbd2 exd4 12. cxd4 Bf6 13. Nf1 Na5 14. Bc2 Re8 15.
Ng3 g6 16. Rb1 c5 17. b3 Nc6 18. d5 Nce5 19. Nh2 c4 20. f4 Nd3 21. Bxd3 cxd3 22.
Nf3 h5 23. b4 a5 24. a3 axb4 25. axb4 Nb6 26. Qxd3 Nc4 27. Kh2 Ra2 28. Nf1 Bh4
29. Rd1 Bf2 30. N1d2 Ne3 31. Rh1 Qf6 32. g3 Rc8 33. Qe2 Nxd5 34. exd5 Ba7 35.
Qe4 h4 36. Rf1 Rc4 37. Qe1 hxg3+ 38. Qxg3 Bxd5 39. Qg5 Qc3 40. Qxd5 Qe3 41. Kh1
Rcc2 42. Qe4 d5 43. Qxe3 Bxe3 44. Nb3 Bb6 45. Ra1 Rxa1 46. Nxa1 Rc4 47. Bd2 d4
48. Ne5 Rc7 49. Rc1 f6 50. Rxc7 Bxc7 51. Nxg6 Kf7 52. Nh4 Ke6 53. Nb3 Kd5 54.
Kg2 Kc4 55. Nc5 Kd5 1-0

[Event "4th Karpov Trophy Prelim"]
[Site "Cap d'Agde FRA"]
[Date "2015.10.23"]
[Round "2.2"]
[White "Gharamian, Tigran"]
[Black "Muzychuk, Mariya"]
[Result "1/2-1/2"]
[WhiteTitle "GM"]
[BlackTitle "GM"]
[WhiteElo "2654"]
[BlackElo "2528"]
[WhiteFideId "13301527"]
[BlackFideId "14114550"]
[EventDate "2015.10.23"]

1. e4 c5 2. Nf3 e6 3. d4 cxd4 4. Nxd4 Nf6 5. Nc3 Nc6 6. Nxc6 bxc6 7. e5 Nd5 8.
Ne4 Qa5+ 9. c3 Qc7 10. f4 Qb6 11. Bd3 Be7 12. Qe2 f5 13. exf6 Nxf6 14. Be3 Qc7
15. Nxf6+ Bxf6 16. O-O-O Qa5 17. a3 Rb8 18. Qc2 Ba6 19. Rhe1 Bb5 20. Bxb5 Rxb5
21. Bd4 Qc7 22. c4 Rb7 23. g3 Bxd4 24. Rxd4 c5 25. Rd3 O-O 26. Red1 Rfb8 27.
Rxd7 Qxd7 28. Rxd7 Rxd7 29. Qe4 Rb6 30. Qe5 Rc6 31. f5 Re7 32. f6 gxf6 33. Qxf6
Rd7 34. Kc2 a6 35. Kc3 Rb7 36. b4 cxb4+ 37. axb4 Rbc7 38. Kb3 Rd7 39. c5 Rf7 40.
Qg5+ Kf8 41. Qd8+ Kg7 42. Qg5+ Kf8 43. Qd8+ Kg7 44. Qe8 Rfc7 45. Ka4 Kf6 46. g4
Kg5 47. h3 Kf4 48. Qh5 e5 49. g5 e4 50. Qg4+ Ke3 51. Qg3+ Kd2 52. Qf2+ Kd3 53.
Qf1+ Kd2 54. Qf2+ Kd3 55. Kb3 e3 56. Qc2+ Kd4 57. Qc4+ Ke5 58. Kc3 a5 59. Qd4+
Kf5 60. Qxe3 axb4+ 61. Kxb4 Rxc5 62. Qxc5+ Rxc5 63. Kxc5 Kxg5 64. Kd4 Kh4 65.
Ke3 Kxh3 66. Ke4 1/2-1/2

[Event "4th Karpov Trophy Prelim"]
[Site "Cap d'Agde FRA"]
[Date "2015.10.23"]
[Round "2.3"]
[White "Muzychuk, Anna"]
[Black "Sebag, Marie"]
[Result "1/2-1/2"]
[WhiteTitle "GM"]
[BlackTitle "GM"]
[WhiteElo "2549"]
[BlackElo "2496"]
[WhiteFideId "14111330"]
[BlackFideId "617822"]
[EventDate "2015.10.23"]

1. d4 d5 2. c4 c6 3. Nf3 Nf6 4. Nc3 e6 5. e3 a6 6. b3 Bb4 7. Bd2 O-O 8. Bd3 Nbd7
9. O-O Bd6 10. Qc2 e5 11. cxd5 cxd5 12. dxe5 Nxe5 13. Be2 Be6 14. Rac1 Rc8 15.
Qb1 Qe7 16. Nxe5 Bxe5 17. Bf3 d4 18. exd4 Bxd4 19. Ne4 Bf5 20. Rxc8 Rxc8 21.
Nxf6+ Qxf6 22. Be4 Bxe4 23. Qxe4 b5 24. Be3 Qd8 1/2-1/2

[Event "4th Karpov Trophy Prelim"]
[Site "Cap d'Agde FRA"]
[Date "2015.10.23"]
[Round "2.4"]
[White "Edouard, Romain"]
[Black "Fressinet, Laurent"]
[Result "1/2-1/2"]
[WhiteTitle "GM"]
[BlackTitle "GM"]
[WhiteElo "2636"]
[BlackElo "2702"]
[WhiteFideId "633429"]
[BlackFideId "608742"]
[EventDate "2015.10.23"]

1. c4 Nf6 2. Nc3 g6 3. g3 Bg7 4. Bg2 O-O 5. d4 d6 6. Nf3 Nbd7 7. O-O e5 8. b3
Re8 9. Qc2 c6 10. Rd1 exd4 11. Nxd4 Qe7 12. Bf4 Ne5 13. Qd2 Nfd7 14. Rac1 Nc5
15. h3 a5 16. Bh6 Bh8 17. Bg5 Qf8 18. Bh6 Qe7 19. Bg5 Qf8 20. Bh6 1/2-1/2

[Event "4th Karpov Trophy Prelim"]
[Site "Cap d'Agde FRA"]
[Date "2015.10.24"]
[Round "3.1"]
[White "Muzychuk, Mariya"]
[Black "Muzychuk, Anna"]
[Result "1-0"]
[WhiteTitle "GM"]
[BlackTitle "GM"]
[WhiteElo "2528"]
[BlackElo "2549"]
[WhiteFideId "14114550"]
[BlackFideId "14111330"]
[EventDate "2015.10.23"]

1. e4 e6 2. d4 d5 3. Nc3 Bb4 4. Ne2 dxe4 5. a3 Be7 6. Nxe4 Nf6 7. N2g3 O-O 8. c3
Nbd7 9. Bd3 c5 10. dxc5 Nxc5 11. Nxc5 Bxc5 12. O-O b6 13. Ne4 Nxe4 14. Bxe4 Ba6
15. Bxa8 Bxf1 16. Qxd8 Rxd8 17. Kxf1 Rxa8 18. Ke2 Kf8 19. a4 Ke7 20. b4 Bd6 21.
a5 b5 22. a6 Kd7 23. Be3 Kc6 24. g4 Bc7 25. Rd1 Rc8 26. Bd4 g6 27. h4 Bb6 28.
Bf6 Rg8 29. Rd3 h5 30. g5 Re8 31. f4 Bc7 32. Be5 Rb8 33. Ke3 Rb6 34. Ke4 Rxa6
35. Bxc7 Kxc7 36. Ke5 Ra3 37. Kf6 a5 38. bxa5 b4 39. Rd4 Rxa5 40. Kxf7 bxc3 41.
Rc4+ Kd6 42. Rxc3 Rf5+ 43. Kxg6 Rxf4 44. Kxh5 e5 45. g6 Ke6 46. Kg5 Rf1 47. h5
Rg1+ 48. Kh6 e4 49. g7 Kf7 50. Rc7+ Kf6 51. Kh7 1-0

[Event "4th Karpov Trophy Prelim"]
[Site "Cap d'Agde FRA"]
[Date "2015.10.24"]
[Round "3.3"]
[White "Abdumalik, Zhansaya"]
[Black "Edouard, Romain"]
[Result "0-1"]
[WhiteTitle "WGM"]
[BlackTitle "GM"]
[WhiteElo "2390"]
[BlackElo "2636"]
[WhiteFideId "13703544"]
[BlackFideId "633429"]
[EventDate "2015.10.23"]

1. e4 c5 2. Nf3 e6 3. d4 cxd4 4. Nxd4 Nc6 5. Nc3 a6 6. Nxc6 bxc6 7. Bd3 d5 8.
O-O Nf6 9. e5 Nd7 10. Re1 g6 11. Na4 Bg7 12. f4 O-O 13. c4 c5 14. b3 Bb7 15.
cxd5 exd5 16. Ba3 Qa5 17. Rc1 Rfc8 18. e6 fxe6 19. Rxe6 Qd8 20. Qg4 Nf6 21. Qe2
Nh5 22. g3 c4 23. Rd6 Qa5 24. Bc2 Re8 25. Qd1 Rac8 26. Rd7 cxb3 27. axb3 Bc6 28.
Re7 Rxe7 29. Bxe7 Re8 30. b4 Qc7 31. Bc5 d4 32. Bb3+ Kh8 33. Bxd4 Qb7 34. Bxg7+
Nxg7 35. Qd2 Rb8 36. Nc5 Qb6 37. Ra1 Bb5 38. Qf2 Qf6 39. Rd1 h5 40. Qd4 Qe7 41.
Ne6 Be2 42. Rd2 Bg4 43. Nxg7 Rxb4 44. Qc3 Rxb3 45. Nf5+ Rxc3 46. Nxe7 Kg7 47.
Nd5 Ra3 48. Kf2 a5 49. Ne3 Be6 50. Rd6 Ra2+ 51. Kf3 Bc8 52. f5 gxf5 53. Kf4 Rxh2
54. Rc6 Bd7 55. Rc7 Rd2 56. Nc4 Rd4+ 57. Ke5 Re4+ 58. Kd6 Kf6 59. Nxa5 Be8 60.
Nc4 Bf7 61. Nb6 Rd4+ 62. Kc5 Rd3 63. Nd7+ Kg5 64. Ra7 Rxg3 65. Ne5 Bg6 66. Ra6
Kh6 67. Ra8 h4 68. Rh8+ Bh7 69. Nd7 h3 70. Kd4 0-1

[Event "4th Karpov Trophy Prelim"]
[Site "Cap d'Agde FRA"]
[Date "2015.10.24"]
[Round "3.4"]
[White "Fressinet, Laurent"]
[Black "Gharamian, Tigran"]
[Result "1/2-1/2"]
[WhiteTitle "GM"]
[BlackTitle "GM"]
[WhiteElo "2702"]
[BlackElo "2654"]
[WhiteFideId "608742"]
[BlackFideId "13301527"]
[EventDate "2015.10.23"]

1. Nf3 c5 2. c4 Nc6 3. Nc3 g6 4. g3 Bg7 5. Bg2 d6 6. O-O e6 7. e3 Nge7 8. d4 O-O
9. Rb1 b6 10. b3 Bb7 11. Bb2 Rc8 12. dxc5 dxc5 13. Nb5 Nf5 14. g4 Nh4 15. Qxd8
Nxf3+ 16. Bxf3 Nxd8 17. Bxb7 Nxb7 18. Rfd1 a6 19. Nd6 Rc7 20. Nxb7 Rxb7 21. Rd6
Rc8 22. Bxg7 Kxg7 23. Rbd1 Kf6 24. Rd7 Rxd7 25. Rxd7 b5 26. g5+ Kg7 27. cxb5
axb5 28. Kf1 c4 29. bxc4 Rxc4 30. Rb7 Ra4 1/2-1/2

[Event "4th Karpov Trophy Prelim"]
[Site "Cap d'Agde FRA"]
[Date "2015.10.24"]
[Round "4.2"]
[White "Abdumalik, Zhansaya"]
[Black "Sebag, Marie"]
[Result "1/2-1/2"]
[WhiteTitle "WGM"]
[BlackTitle "GM"]
[WhiteElo "2390"]
[BlackElo "2496"]
[WhiteFideId "13703544"]
[BlackFideId "617822"]
[EventDate "2015.10.23"]

1. e4 c5 2. Nf3 d6 3. d4 cxd4 4. Nxd4 Nf6 5. Nc3 a6 6. h3 g6 7. g4 Bg7 8. Bg2
O-O 9. Be3 Nc6 10. O-O Bd7 11. f4 Rc8 12. Qd2 b5 13. a3 Qc7 14. Nb3 b4 15. axb4
Nxb4 16. f5 Qc4 17. Na5 Qc7 18. Nb3 Bc6 19. Bd4 e5 20. Be3 d5 21. Bc5 d4 22.
Bxb4 dxc3 23. Qxc3 Rfd8 24. Qe3 Qb7 25. Ba5 Rd4 26. Nxd4 exd4 27. Qxd4 Bxe4 28.
Bxe4 Nxe4 29. Qb6 Qd5 30. Rad1 Qe5 31. Rd8+ Rxd8 32. Qxd8+ Bf8 33. Qc7 Qd5 34.
Bb6 Nd2 35. Qd8 Nf3+ 36. Kf2 Qc6 37. Kg3 Ne5 38. c3 Nc4 39. Bd4 Nd2 40. Rf4 Qd6
41. Qxd6 Bxd6 42. h4 Ne4+ 43. Kf3 Nd2+ 44. Kg3 Ne4+ 45. Kf3 Nd2+ 46. Kg3 Ne4+
47. Kg2 Bxf4 48. Kf3 Bc1 49. Kxe4 gxf5+ 50. Kxf5 Bxb2 51. Ke4 Kf8 52. Kd5 Ke7
53. Kc5 Ke6 54. Kb6 f5 55. gxf5+ Kxf5 56. Kxa6 Kg4 57. Bf6 Bxc3 58. Bxc3 Kxh4 1/2-1/2

[Event "4th Karpov Trophy Prelim"]
[Site "Cap d'Agde FRA"]
[Date "2015.10.24"]
[Round "4.3"]
[White "Muzychuk, Anna"]
[Black "Fressinet, Laurent"]
[Result "1/2-1/2"]
[WhiteTitle "GM"]
[BlackTitle "GM"]
[WhiteElo "2549"]
[BlackElo "2702"]
[WhiteFideId "14111330"]
[BlackFideId "608742"]
[EventDate "2015.10.23"]

1. e4 c5 2. Nf3 Nc6 3. d4 cxd4 4. Nxd4 Nf6 5. Nc3 e5 6. Ndb5 d6 7. Bg5 a6 8. Na3
b5 9. Nd5 Be7 10. Bxf6 Bxf6 11. c4 b4 12. Nc2 O-O 13. g3 Bg5 14. Bg2 Qa5 15. O-O
Qc5 16. Qd3 Be6 17. Kh1 Bxd5 18. Qxd5 Rab8 19. Rad1 b3 20. axb3 Rxb3 21. Qxc5
dxc5 22. Rd5 Be7 23. Ne3 Rfb8 24. Rd7 R8b7 25. Rxb7 Rxb7 26. Ra1 a5 27. Ra2 Bd8
28. Bf1 Rb3 29. Kg2 Nb4 30. Ra1 Rxb2 31. Rd1 Bf6 32. Rd7 h5 33. h4 a4 34. Ra7
Ra2 35. Nd5 a3 36. Ra4 Nc2 37. Be2 Rb2 38. Bd1 a2 39. Bxc2 Rxc2 40. Ne3 Rb2 41.
Nd5 Rc2 42. Ne3 Re2 43. Nd5 Rxe4 44. Ne3 g5 45. hxg5 Bxg5 46. Nf5 Re2 47. Kf3
Rc2 48. Nd6 Bd2 49. Ne4 Bb4 50. Ra7 Rb2 51. Kg2 Kg7 52. Kh3 Re2 53. f3 Kg6 54.
Ra6+ Kg7 55. g4 Re3 56. Rxa2 Rxf3+ 57. Kh4 Rf4 58. Nd6 hxg4 59. Kg5 f6+ 60. Kh5
Kf8 61. Ra7 g3 62. Rf7+ Kg8 63. Re7 f5 64. Kg6 Rg4+ 65. Kf6 e4 66. Re8+ Kh7 67.
Re7+ Kg8 68. Re8+ Kh7 69. Re7+ Kg8 70. Re8+ Kh7 71. Re7+ Kg8 1/2-1/2

[Event "4th Karpov Trophy Prelim"]
[Site "Cap d'Agde FRA"]
[Date "2015.10.24"]
[Round "4.4"]
[White "Edouard, Romain"]
[Black "Gharamian, Tigran"]
[Result "1-0"]
[WhiteTitle "GM"]
[BlackTitle "GM"]
[WhiteElo "2636"]
[BlackElo "2654"]
[WhiteFideId "633429"]
[BlackFideId "13301527"]
[EventDate "2015.10.23"]

1. d4 Nf6 2. Nf3 e6 3. Bf4 b6 4. e3 Bb7 5. Bd3 Be7 6. h3 O-O 7. Nbd2 d6 8. O-O
Nbd7 9. Bh2 Re8 10. c3 Bf8 11. e4 e5 12. Re1 a6 13. a4 c6 14. b4 h6 15. Qb3 Nh5
16. Rad1 Qf6 17. Bf1 Rad8 18. dxe5 dxe5 19. Nc4 Nf4 20. Bxf4 exf4 21. e5 Qg6 22.
Nd6 Bxd6 23. Rxd6 Nxe5 24. Nxe5 Rxd6 25. Nxg6 Rxe1 26. Nxf4 Rdd1 27. Qc2 Rxf1+
28. Kh2 Rd8 29. Qe2 Rfd1 30. Nh5 R1d6 31. Qe5 f6 32. Qg3 g5 33. Qe3 Kf8 34. Qxb6
Bc8 35. Nxf6 Bf5 36. Qc5 Bg6 37. Ng4 h5 38. Ne5 Kg7 39. Nxc6 R8d7 40. Ne5 Rd8
41. Nc4 Rd5 42. Qe7+ Kh6 43. Ne3 R5d6 44. c4 R8d7 45. Qe5 Rd2 46. Qh8+ Rh7 47.
Qf6 Rf7 48. Nf5+ Kh7 49. Qxg5 1-0

[Event "4th Karpov Trophy Prelim"]
[Site "Cap d'Agde FRA"]
[Date "2015.10.25"]
[Round "5.1"]
[White "Muzychuk, Mariya"]
[Black "Abdumalik, Zhansaya"]
[Result "1/2-1/2"]
[WhiteTitle "GM"]
[BlackTitle "WGM"]
[WhiteElo "2528"]
[BlackElo "2390"]
[WhiteFideId "14114550"]
[BlackFideId "13703544"]
[EventDate "2015.10.23"]

1. d4 Nf6 2. c4 g6 3. Nc3 d5 4. cxd5 Nxd5 5. e4 Nxc3 6. bxc3 Bg7 7. Be3 c5 8.
Qd2 O-O 9. Nf3 cxd4 10. cxd4 Bg4 11. Be2 Nc6 12. Rd1 Bxf3 13. Bxf3 e5 14. d5 Nd4
15. Bxd4 exd4 16. O-O Qd6 17. Rfe1 Rac8 18. Bg4 Rc4 19. f4 Qc5 20. Rc1 f5 21.
Rxc4 Qxc4 22. Rc1 Qb5 23. Bf3 fxe4 24. Bxe4 Qd7 25. g3 Re8 26. Qd3 Qe7 27. Re1
Qb4 28. Re2 Rc8 29. Kg2 Rc3 30. Qd2 Qd6 31. Qd1 b5 32. Bf3 Qc5 33. Qe1 Re3 34.
Rxe3 dxe3 35. Qd1 Qd4 36. Qxd4 Bxd4 37. Be2 b4 38. Kf3 a5 39. Ke4 Bb6 40. d6 a4
41. d7 Kf8 42. d8=Q+ Bxd8 43. Kxe3 b3 44. Bc4 Bb6+ 45. Kd2 bxa2 46. Bxa2 Bg1 47.
Ke2 Ke7 48. h4 h5 49. Kf3 Kf6 50. g4 hxg4+ 51. Kxg4 Be3 52. Kf3 Bc1 53. Kg4 Bd2 1/2-1/2

[Event "4th Karpov Trophy Prelim"]
[Site "Cap d'Agde FRA"]
[Date "2015.10.25"]
[Round "5.2"]
[White "Sebag, Marie"]
[Black "Edouard, Romain"]
[Result "1/2-1/2"]
[WhiteTitle "GM"]
[BlackTitle "GM"]
[WhiteElo "2496"]
[BlackElo "2636"]
[WhiteFideId "617822"]
[BlackFideId "633429"]
[EventDate "2015.10.23"]

1. e4 c5 2. Nf3 d6 3. d4 cxd4 4. Qxd4 a6 5. h3 Nc6 6. Qe3 g6 7. c4 Bh6 8. Qc3
Qa5 9. Bxh6 Nxh6 10. Qxa5 Nxa5 11. Nc3 Be6 12. Nd5 Kf8 13. Be2 Rc8 14. b3 Nc6
15. O-O Kg7 16. Rad1 Ng8 17. Nd4 Nf6 18. Nxc6 bxc6 19. Nxf6 Kxf6 20. c5 dxc5 21.
Rc1 Rhd8 22. Rxc5 Rc7 23. Rfc1 Rd2 24. R1c2 Rxc2 25. Rxc2 Ke5 26. Bf1 1/2-1/2

[Event "4th Karpov Trophy Prelim"]
[Site "Cap d'Agde FRA"]
[Date "2015.10.25"]
[Round "5.3"]
[White "Gharamian, Tigran"]
[Black "Muzychuk, Anna"]
[Result "1-0"]
[WhiteTitle "GM"]
[BlackTitle "GM"]
[WhiteElo "2654"]
[BlackElo "2549"]
[WhiteFideId "13301527"]
[BlackFideId "14111330"]
[EventDate "2015.10.23"]

1. e4 c5 2. Nf3 d6 3. Bc4 Nf6 4. d3 Nc6 5. c3 g6 6. h3 Bg7 7. O-O O-O 8. Bb3 b6
9. Re1 Bb7 10. d4 e5 11. dxc5 dxc5 12. Qe2 Qc7 13. Bg5 Na5 14. Bc2 c4 15. Nbd2
h6 16. Bxf6 Bxf6 17. Nf1 Rad8 18. Ne3 b5 19. Rad1 Rfe8 20. Nd5 Bxd5 21. Rxd5
Rxd5 22. exd5 Qd7 23. Rd1 Nb7 24. Qe3 Nd6 25. Qxh6 e4 26. Ng5 Qf5 27. Nf3 Qd7
28. Nh2 Bg7 29. Qe3 Qc7 30. Nf1 Nf5 31. Qe2 Bh6 32. Qg4 Qe5 33. Re1 e3 34. fxe3
Nxe3 35. Nxe3 Bxe3+ 36. Kh1 Kg7 37. Qf3 f5 38. d6 f4 39. Qb7+ Kh6 40. Qf7 Qe6
41. Qxe6 Rxe6 42. d7 Rd6 43. Rd1 Rxd1+ 44. Bxd1 Bb6 45. Bf3 Kg5 46. Bc6 a6 47.
Bb7 a5 48. Ba6 b4 49. cxb4 axb4 50. Bxc4 Kf6 51. h4 Kf5 52. Kh2 Kg4 53. Bd3 Kxh4
54. Bxg6 Kg5 55. Bc2 Kf6 56. a4 bxa3 57. bxa3 Ke7 58. Bf5 Kf6 59. Bd3 Kg5 60.
Kh3 Ba5 61. a4 Bc7 62. Ba6 Bb6 63. Bb7 Bc7 64. Bc8 Bb6 65. g4 fxg3 66. Kxg3 Kf6
67. Kf4 Ke7 68. Ke5 Ba5 69. Kd5 Kd8 70. Kc6 Be1 71. Kb5 Kc7 72. a5 Bd2 73. a6
Be3 74. Kc4 Ba7 75. Kd5 Bb8 76. Kd4 Ba7+ 77. Kd5 Bb8 78. Ke6 Kd8 79. Bb7 Ba7 80.
Kd6 Bd4 81. Kc6 1-0

[Event "4th Karpov Trophy Prelim"]
[Site "Cap d'Agde FRA"]
[Date "2015.10.25"]
[Round "5.4"]
[White "Fressinet, Laurent"]
[Black "Karpov, Anatoly"]
[Result "1/2-1/2"]
[WhiteTitle "GM"]
[BlackTitle "GM"]
[WhiteElo "2702"]
[BlackElo "2628"]
[WhiteFideId "608742"]
[BlackFideId "4100026"]
[EventDate "2015.10.23"]

1. e4 e5 2. Nf3 Nc6 3. Bb5 a6 4. Ba4 Nf6 5. O-O Be7 6. d3 b5 7. Bb3 O-O 8. Nc3
d6 9. a3 Rb8 10. Nd5 Nxd5 11. exd5 Nd4 12. Nxd4 exd4 13. a4 Bf6 14. axb5 axb5
15. Bd2 Bd7 16. Ra5 Re8 17. Re1 Rxe1+ 18. Qxe1 Bg5 19. Ra7 h5 20. h3 Rc8 21. Ba5
Bf6 22. Qe2 h4 23. c4 dxc3 24. bxc3 Be5 25. d4 Bf4 26. Qf3 Bd2 27. Bc2 g6 28.
Bd3 Qe7 29. Qe2 Qg5 30. Rxc7 Rxc7 31. Bxc7 Bxc3 32. Bxb5 Bxd4 33. Bxd6 Qxd5 1/2-1/2

[Event "4th Karpov Trophy Prelim"]
[Site "Cap d'Agde FRA"]
[Date "2015.10.25"]
[Round "6.1"]
[White "Sebag, Marie"]
[Black "Muzychuk, Mariya"]
[Result "1/2-1/2"]
[WhiteTitle "GM"]
[BlackTitle "GM"]
[WhiteElo "2496"]
[BlackElo "2528"]
[WhiteFideId "617822"]
[BlackFideId "14114550"]
[EventDate "2015.10.23"]

1. e4 c5 2. Nf3 Nc6 3. c3 Nf6 4. e5 Nd5 5. d4 cxd4 6. cxd4 d6 7. Bc4 dxe5 8.
dxe5 Ndb4 9. Qxd8+ Nxd8 10. Na3 Bg4 11. Nd4 Ndc6 12. Nxc6 Nxc6 13. f4 e6 14. Be3
Bb4+ 15. Kf2 O-O-O 16. h3 Bf5 17. Rhd1 a6 18. Be2 Bxa3 19. bxa3 Rxd1 20. Rxd1
Rd8 21. Rc1 Kc7 22. Bf3 Rd3 23. g4 Bg6 24. Bc5 Rd2+ 25. Ke3 Rxa2 26. Bd6+ Kd7
27. h4 Bc2 28. h5 Na5 29. Be2 b5 30. Bf8 Nc4+ 31. Kd4 Bb3 32. Bd3 Rf2 33. Bxg7
Rxf4+ 34. Kc5 Rxg4 35. h6 Nb2 36. Kb6 Nxd3 37. Rc7+ Ke8 38. Bf6 Rc4 39. Re7+ Kf8
40. Rd7 Rc8 41. Rxd3 Bc4 42. Rd7 Be2 43. Kxa6 Ke8 44. Re7+ Kf8 45. Kb7 Re8 46.
Rc7 Bf3+ 47. Kb6 Rb8+ 48. Kc5 Ke8 49. Re7+ Kf8 50. Rd7 Rc8+ 51. Kb4 Be2 52. Rd2
Bc4 53. Rd6 Ke8 54. Ka5 Rb8 55. Ka6 Kf8 56. Ka7 Re8 57. Bd8 Bd5 58. Kb6 Bc4 59.
Rd7 Be2 60. Kc6 Kg8 61. Rd2 Bf1 62. Kd7 Kf8 63. Rd1 Be2 64. Rd2 Bf1 65. Rd4 f5
66. exf6 e5 67. Be7+ Kf7 68. Re4 Bh3+ 69. Kd6 Rg8 70. Rxe5 Bf1 71. Rc5 Rg6 72.
Rc7 Rxh6 73. Ke5 Rh5+ 74. Kf4 Rd5 75. Bd8+ Ke6 76. Rc6+ Kf7 77. Rc7+ Ke6 78.
Rc6+ Kf7 79. Ke4 Rc5 1/2-1/2

[Event "4th Karpov Trophy Prelim"]
[Site "Cap d'Agde FRA"]
[Date "2015.10.25"]
[Round "6.2"]
[White "Karpov, Anatoly"]
[Black "Gharamian, Tigran"]
[Result "1/2-1/2"]
[WhiteTitle "GM"]
[BlackTitle "GM"]
[WhiteElo "2628"]
[BlackElo "2654"]
[WhiteFideId "4100026"]
[BlackFideId "13301527"]
[EventDate "2015.10.23"]

1. d4 Nf6 2. c4 e6 3. Nf3 Bb4+ 4. Bd2 Qe7 5. g3 Bxd2+ 6. Qxd2 Nc6 7. Nc3 d5 8.
Ne5 dxc4 9. Nxc4 O-O 10. e3 Rd8 11. f4 Nb4 12. a3 Nbd5 13. b4 b6 14. Nxd5 exd5
15. Ne5 Bd7 16. Bg2 Bb5 17. a4 Be8 18. O-O Ne4 19. Qc2 Qxb4 20. Bxe4 dxe4 21.
Qxe4 Qe7 22. Qf3 f6 23. Ng4 Bf7 24. Nf2 c5 25. dxc5 Qxc5 26. Rfc1 Qe7 27. e4
Rac8 28. g4 h6 29. h4 Rc5 30. Qe3 Rdc8 31. Kg2 Qc7 32. Nd3 Rc4 33. Kg3 Qd7 34.
Nf2 Rxc1 35. Rxc1 Rxc1 36. Qxc1 Qxa4 37. Qc8+ Qe8 38. Qc7 a5 39. Qxb6 a4 40. Qa5
Bb3 41. g5 hxg5 42. hxg5 fxg5 43. fxg5 Qe7 44. Qb5 Qc7+ 45. e5 Qe7 46. Ne4 Bf7
47. Qxa4 Qxe5+ 48. Kf3 Bd5 49. Ke3 Bxe4 50. Qxe4 Qxg5+ 51. Qf4 Qc5+ 52. Kf3 Kh7
53. Kg4 Qd5 54. Qh2+ Kg6 55. Qc2+ Kf6 56. Qf2+ Ke6 57. Qe3+ Kf6 58. Qf2+ Ke7 59.
Qe3+ Kd7 60. Qa7+ Kd8 61. Qb6+ Ke7 1/2-1/2

[Event "4th Karpov Trophy Prelim"]
[Site "Cap d'Agde FRA"]
[Date "2015.10.25"]
[Round "6.3"]
[White "Abdumalik, Zhansaya"]
[Black "Fressinet, Laurent"]
[Result "0-1"]
[WhiteTitle "WGM"]
[BlackTitle "GM"]
[WhiteElo "2390"]
[BlackElo "2702"]
[WhiteFideId "13703544"]
[BlackFideId "608742"]
[EventDate "2015.10.23"]

1. e4 e5 2. Nf3 Nc6 3. Bb5 Nf6 4. O-O Nxe4 5. d4 Nd6 6. Bxc6 dxc6 7. dxe5 Nf5 8.
Qxd8+ Kxd8 9. Rd1+ Ke8 10. h3 Ne7 11. Bf4 Ng6 12. Bh2 Bc5 13. Nc3 Bf5 14. g4 Bd7
15. Ng5 h6 16. Nge4 Bb6 17. Na4 h5 18. Nac5 Bc8 19. f3 hxg4 20. hxg4 Nh4 21. Kf2
Nxf3 22. Bf4 Bxg4 23. Rh1 Ke7 24. Kg3 Bh5 25. Rxh5 Rxh5 26. Kxf3 Bxc5 27. Nxc5
b6 28. Ne4 Rah8 29. Ng3 Rh3 30. Ke4 g6 31. c4 Ke6 32. Ne2 Rh1 33. Nd4+ Kd7 34.
Rxh1 Rxh1 35. b3 Ra1 36. a4 Rb1 37. Bg5 c5 38. Nb5 Rxb3 39. Bd2 Rh3 40. Nc3 Rh4+
41. Kd3 Rd4+ 42. Kc2 Rxc4 43. Kb3 Rb4+ 44. Kc2 Rh4 45. Kd3 Ke6 0-1